NHL Teams - Statistics

General Stats
  • This quiz has been taken 19 times
  • The average score is 24 of 32
Answer Stats
Division NHL Team % Correct
Atlantic Toronto Maple Leafs
100%
Metropolitan New York Islanders
92%
Metropolitan Pittsburgh Penguins
92%
Pacific Anaheim Ducks
85%
Atlantic Boston Bruins
85%
Atlantic Buffalo Sabres
85%
Central Colorado Avalanche
85%
Pacific Edmonton Oilers
85%
Metropolitan New York Rangers
85%
Metropolitan Philadelphia Flyers
85%
Pacific Vancouver Canucks
85%
Central Chicago Blackhawks
77%
Atlantic Detroit Red Wings
77%
Atlantic Florida Panthers
77%
Pacific Los Angeles Kings
77%
Atlantic Montréal Canadiens
77%
Metropolitan New Jersey Devils
77%
Pacific Calgary Flames
69%
Metropolitan Carolina Hurricanes
69%
Central Minnesota Wild
69%
Central Nashville Predators
69%
Atlantic Ottawa Senators
69%
Pacific Seattle Kraken
69%
Central St. Louis Blues
69%
Atlantic Tampa Bay Lightning
69%
Pacific Vegas Golden Knights
69%
Central Winnipeg Jets
69%
Central Dallas Stars
62%
Pacific San Jose Sharks
62%
Central Utah Mammoth
62%
Metropolitan Washington Capitals
62%
Metropolitan Columbus Blue Jackets
54%
No matching quizzes found
Score Distribution
Percent of People with Each Score
Percentile by Number Answered
Your Score History
You have not taken this quiz